| 000 | 00566nam a2200229 a 4500 | ||
|---|---|---|---|
| 001 | nice12345678 | ||
| 003 | IN_TiNIC | ||
| 005 | 20260116012945.0 | ||
| 008 | 050524s1981 u sa grp 000 0 eng | ||
| 020 |
_a _c50 |
||
| 082 | 0 | 0 |
_a227.6 _bWIE |
| 100 | _aWiesbe, Warren W | ||
| 245 |
_aBe Joyful _b It Beats Being Happy |
||
| 260 |
_aU S A _bVictor Books _c1981 |
||
| 300 | _a130p | ||
| 500 | _aincludes index and biblioraphy | ||
| 650 | _aBible N.T. Epistles Philippians | ||
| 700 | 1 | _aWiesbe, Warren W | |
| 902 | _bSRS | ||
| 942 | _cBK | ||
| 999 |
_c9052 _d9052 |
||